Census County Divisions of Oregon With a Map - Statistics

General Stats
  • This quiz has been taken 334 times
  • The average score is 49 of 212
Answers on the Map
Answers color-coded by a green-red scale on the quiz's map according to % correct below.
 
Answer Stats
County CCD % Correct
Lane Eugene-Springfield
89%
Marion | Polk Salem
85%
Deschutes Bend
77%
Washington Beaverton-Hillsboro
73%
Benton Corvallis
71%
Clatsop Astoria
69%
Jackson Medford
68%
Lincoln Lincoln City
64%
Tillamook Beaver
63%
Coos Coos Bay
63%
Klamath Klamath Falls
62%
Multnomah Gresham
60%
Hood River Hood River
59%
Clackamas Mount Hood
58%
Tillamook Tillamook
58%
Linn Albany
56%
Wasco The Dalles
56%
Umatilla Hermiston-Umatilla
54%
Josephine Grants Pass
53%
Malheur Ontario
53%
Douglas Roseburg
51%
Wallowa Wallowa
51%
Umatilla Pendleton
49%
Baker Baker City
48%
Jackson Ashland
47%
Deschutes Redmond
47%
Lincoln Newport
46%
Wallowa Joseph
45%
Marion Jefferson
42%
Curry Brookings
41%
Harney Burns
40%
Lane Florence
39%
Curry Gold Beach
39%
Coos Bandon
38%
Union Union
38%
Sherman Wasco
38%
Yamhill McMinnville
37%
Clatsop Seaside
37%
Columbia St. Helens
37%
Crook Prineville
36%
Grant John Day
35%
Lake Lakeview
35%
Jefferson Madras
35%
Deschutes Sisters-Millican
35%
Polk Dallas
34%
Malheur Vale
32%
Yamhill Newberg
31%
Multnomah Portland East
31%
Coos Coquille
30%
Malheur Nyssa
30%
Multnomah Portland West
30%
Wallowa Enterprise
29%
Linn Lebanon
29%
Columbia Rainier
29%
Douglas Reedsport
29%
Clackamas Sandy
29%
Clackamas Canby
28%
Josephine Cave Junction
28%
Union La Grande
28%
Columbia Scappoose
28%
Marion Woodburn
28%
Polk Monmouth-Independence
27%
Marion Silverton
27%
Lane Cottage Grove
26%
Clackamas Estacada
26%
Umatilla Milton-Freewater
26%
Linn Sweet Home
26%
Jefferson | Wasco Warm Springs
26%
Columbia Clatskanie
25%
Washington Forest Grove-Cornelius
25%
Lane Junction City
25%
Clackamas Molalla
25%
Curry Port Orford
25%
Lincoln Toledo
25%
Columbia Vernonia
25%
Clackamas Wilsonville
25%
Wasco Antelope
24%
Wheeler Fossil
24%
Lincoln Waldport
24%
Morrow Boardman
23%
Hood River Cascade Locks
23%
Klamath Chiloquin
23%
Yamhill Dayton-Amity
23%
Malheur Jordan Valley
23%
Yamhill Sheridan
23%
Gilliam Arlington
22%
Gilliam Condon
22%
Lane Oakridge
22%
Marion Stayton
22%
Douglas Sutherlin
22%
Linn Brownsville
21%
Lincoln Depoe Bay
21%
Douglas Elkton-Drain
21%
Lane Creswell
20%
Jackson Eagle Point
20%
Linn Harrisburg
20%
Morrow Heppner
20%
Wheeler Mitchell
20%
Coos Myrtle Point
20%
Malheur Adrian
19%
Yamhill Carlton
19%
Douglas Myrtle Creek-Riddle
19%
Lane Coburg
18%
Baker Huntington
18%
Tillamook Nehalem
18%
Washington North Plains
18%
Marion St. Paul
18%
Klamath Merrill
17%
Coos Powers
17%
Lincoln Siletz
17%
Umatilla Athena
16%
Wasco Dufur
16%
Lane Dunes City
16%
Douglas Kellogg-Yoncalla
16%
Klamath Malin
16%
Linn Mill City
16%
Sherman Moro
16%
Jackson Shady Cove
16%
Jackson Butte Falls-Prospect
15%
Jefferson Culver
15%
Union Elgin
15%
Polk Falls City
15%
Baker Halfway
15%
Curry Harbor
15%
Marion Hubbard
15%
Wallowa Imnaha
15%
Morrow Ione-Lexington
15%
Lane Lowell
15%
Marion Mount Angel
15%
Tillamook Neskowin
15%
Umatilla Pilot Rock
15%
Linn Scio-Lacomb
15%
Lake Silver Lake-Fort Rock
15%
Polk Willamina
15%
Malheur Juntura
14%
Hood River Odell
14%
Malheur Owyhee
14%
Grant Prairie City
14%
Josephine Williams
14%
Tillamook Bay City
13%
Multnomah Corbett
13%
Hood River Dee
13%
Clatsop Jewell
13%
Grant Seneca
13%
Union Cove
12%
Harney Diamond
12%
Klamath Keno
12%
Umatilla Weston
12%
Baker Wingville-Haines
12%
Clackamas Mulino
11%
Lake Summer Lake
11%
Malheur Brogan
10%
Lincoln Eddyville
10%
Grant Long Creek
10%
Benton North Albany
10%
Hood River Parkdale
10%
Clackamas Beavercreek
9%
Clackamas Colton
8%
Crook Crooked River
8%
Harney Drewsey
8%
Wallowa Flora
8%
Clatsop Knappa-Brownsmead
8%
Lane Marcola
8%
Lane Middle Siuslaw River-Triangle Lake
8%
Jackson Northwest Jackson
8%
Lane Pleasant Hill
8%
Crook Powell Butte
8%
Curry Agness
7%
Clackamas Northwest Clackamas
7%
Jackson Southeast Jackson
7%
Jackson Southwest Jackson
7%
Deschutes Tumalo
7%
Jefferson Ashwood
6%
Washington Coast Range
6%
Klamath Crescent Lake
6%
Linn East Linn
6%
Columbia Goble
6%
Lane McKenzie River
6%
Benton North Benton
6%
Washington Rockcreek
6%
Jackson Sams Valley
6%
Multnomah Skyline
6%
Clackamas Yoder
6%
Malheur Dead Ox Flat
5%
Marion East Marion
5%
Jefferson Grandview
5%
Baker Hereford
5%
Klamath Langell Valley
5%
Malheur Malheur Junction
5%
Douglas Melrose
5%
Coos North Bayside
5%
Josephine Northwest Josephine
5%
Benton Southeast Benton
5%
Benton Southwest Benton
5%
Douglas Tenmile
5%
Umatilla Umapine
5%
Umatilla Umatilla Reservation
5%
Malheur West Bench
5%
Washington Chehalem Mountains
4%
Baker Eagle Valley
4%
Coos Eastside
4%
Douglas North Umpqua
4%
Clackamas Redland
4%
Douglas South Umpqua
4%
Lane Upper Siuslaw River
4%
Lake Warner Valley
4%
Josephine Wilderville
4%
Klamath Yonna Valley-Poe Valley
4%
Lane Badger Mountain
3%
Union Starkey
3%
No matching quizzes found
Score Distribution
Percent of People with Each Score
Percentile by Number Answered
Your Score History
You have not taken this quiz